Conclusiones del debate acerca del tema: El pauperismo, medios prácticos para combatirlo / (Record no. 155359)

MARC details
000 -LEADER
campo de control de longitud fija 00835nam a2200193 i 4500
001 - NÚMERO DE CONTROL
campo de control 155359
003 - IDENTIFICADOR DE NÚMERO DE CONTROL
campo de control ES-MaACL
005 - FECHA Y HORA DE LA ÚLTIMA TRANSACCIÓN
campo de control 20230906210039.0
008 - DATOS DE LONGITUD FIJA--INFORMACIÓN GENERAL
campo de control de longitud fija 040720s1900 sp |||| | spa d
100 1# - ENTRADA PRINCIPAL--NOMBRE DE PERSONA
Nombre de persona Herran y Ureta, Joaquín.
9 (RLIN) 127923
245 10 - MENCIÓN DEL TÍTULO
Título Conclusiones del debate acerca del tema: El pauperismo, medios prácticos para combatirlo /
Mención de responsabilidad, etc. sustentante, socio de este centro Joaquín Herrán y Ureta.
260 ## - PUBLICACIÓN, DISTRIBUCIÓN, ETC.
Lugar de publicación, distribución, etc. Vitoria :
Nombre del editor, distribuidor, etc. [s.n.],
Fecha de publicación, distribución, etc. 1900 (
Fabricante Imp. de Domingo Sar)
300 ## - DESCRIPCIÓN FÍSICA
Extensión 15 p. ;
Dimensiones 22 cm.
594 ## - Nota al título y mención de responsabilidad
Nota al título y mención de responsabilidad Precede al tít.: Ateneo Científico, Literario y Artístico de Vitoria.
650 #4 - PUNTO DE ACCESO ADICIONAL DE MATERIA--TÉRMINO DE MATERIA
Término de materia o nombre geográfico como elemento de entrada Pobreza-
Subdivisión geográfica España.
9 (RLIN) 166966
650 #4 - PUNTO DE ACCESO ADICIONAL DE MATERIA--TÉRMINO DE MATERIA
Término de materia o nombre geográfico como elemento de entrada Beneficencia-
Subdivisión geográfica España.
9 (RLIN) 159082
710 2# - ENTRADA AGREGADA--NOMBRE DE ENTIDAD CORPORATIVA
Nombre de entidad corporativa o nombre de jurisdicción como elemento de entrada Ateneo de Vitoria.
9 (RLIN) 1848
852 ## - LOCALIZACIÓN
Ubicación ES-MaACL
Número de control de estantería T-985-F-4
Nota libre - Enc. hol., conservando cub. original
-- - Enc. en un vol. facticio de 26 cm
Holdings
Estatus retirado Estado de pérdida Estado de daño No para préstamo Colección Biblioteca de origen Biblioteca actual Ubicación en estantería Fecha de adquisición Total de préstamos Signatura topográfica completa Código de barras Visto por última vez Precio de reemplazo Tipo de ítem Koha
        Colección de folletos Biblioteca del Ateneo de Madrid Biblioteca del Ateneo de Madrid Depósito folletos 17/01/2008   T-985-F-4 1162511 23/02/2023 23/02/2023 Folleto